MARC details
| 000 -LEADER |
| fixed length control field |
02896cam a2200361 i 4500 |
| 001 - CONTROL NUMBER |
| control field |
23210156 |
| 003 - CONTROL NUMBER IDENTIFIER |
| control field |
EG-ScBUE |
| 005 - DATE AND TIME OF LATEST TRANSACTION |
| control field |
20250223102021.0 |
| 008 - FIXED-LENGTH DATA ELEMENTS--GENERAL INFORMATION |
| fixed length control field |
230630s2024 enka f b 001 0 eng d |
| 020 ## - INTERNATIONAL STANDARD BOOK NUMBER |
| International Standard Book Number |
9781032378701 |
| 040 ## - CATALOGING SOURCE |
| Original cataloging agency |
DLC |
| Language of cataloging |
eng |
| Description conventions |
rda |
| Transcribing agency |
DLC |
| Modifying agency |
DLC |
| -- |
EG-ScBUE |
| 082 04 - DEWEY DECIMAL CLASSIFICATION NUMBER |
| Classification number |
720.47 |
| Edition number |
22 |
| Item number |
JAN |
| 100 1# - MAIN ENTRY--PERSONAL NAME |
| Personal name |
Jankovic, Ljubomir, |
| Relator term |
author. |
| 245 10 - TITLE STATEMENT |
| Title |
Designing zero carbon buildings : |
| Remainder of title |
embodied and operational emissions in achieving true zero / |
| Statement of responsibility, etc |
Ljubomir Jankovic. |
| 250 ## - EDITION STATEMENT |
| Edition statement |
Third edition. |
| 264 #1 - PUBLICATION, DISTRIBUTION, ETC. (IMPRINT) |
| Place of publication, distribution, etc |
Abingdon, Oxon ; |
| -- |
New York, NY : |
| Name of publisher, distributor, etc |
Routledge/Taylor & Francis Group, |
| Date of publication, distribution, etc |
2024. |
| 300 ## - PHYSICAL DESCRIPTION |
| Extent |
406 pages : |
| Other physical details |
chiefly illustrations (some color) ; |
| Dimensions |
29 cm |
| 336 ## - CONTENT TYPE |
| Content type term |
text |
| Content type code |
txt |
| Source |
rdacontent |
| 337 ## - MEDIA TYPE |
| Media type term |
unmediated |
| Media type code |
n |
| Source |
rdamedia |
| 338 ## - CARRIER TYPE |
| Carrier type term |
volume |
| Carrier type code |
nc |
| Source |
rdacarrier |
| 500 ## - GENERAL NOTE |
| General note |
Revised third edition of: Designing zero carbon buildings using dynamic simulation methods / Ljubomir Jankovic. New York : Routledge, 2017. |
| 504 ## - BIBLIOGRAPHY, ETC. NOTE |
| Bibliography, etc |
Includes bibliographical references and index. |
| 520 ## - SUMMARY, ETC. |
| Summary, etc |
"In this significantly revised third edition, Designing Zero Carbon Buildings combines embodied and operational emissions into a structured approach for achieving zero emissions by a specific year with certainty. Simulation and quantitative methods are introduced in parallel with analogue scale models to demonstrate how things work in buildings. Where equations are provided, this is also explained with common analogue objects, pictures and narratives. A Zero Equation introduced in the book, is not only explained as an equation but also as an analogy with a jam jar and a spoon, making the book accessible for a range of audiences. Tasks for simple experiments, exercises, discussion questions and summaries of design principles are provided in closing lines of chapters. The book introduces new case studies, in addition to updated case study of the Birmingham Zero Carbon House, applying embodied and operational emissions to assess their status using the Zero Equation. The approach introduced brings about a sense of realism into what true zero emissions mean. Written for students, educators, architects, engineers, modellers, practising designers, sustainability consultants and others, it is a major positive step towards design thinking that makes achieving zero carbon emissions a reality"-- |
| Assigning source |
Provided by publisher. |
| 650 #7 - SUBJECT ADDED ENTRY--TOPICAL TERM |
| Topical term or geographic name as entry element |
Sustainable buildings |
| General subdivision |
Design and construction. |
| Source of heading or term |
BUEsh |
| 650 #7 - SUBJECT ADDED ENTRY--TOPICAL TERM |
| Topical term or geographic name as entry element |
Buildings |
| General subdivision |
Performance |
| -- |
Computer simulation. |
| Source of heading or term |
BUEsh |
| 650 #7 - SUBJECT ADDED ENTRY--TOPICAL TERM |
| Topical term or geographic name as entry element |
Carbon dioxide mitigation. |
| Source of heading or term |
BUEsh |
| 653 ## - INDEX TERM--UNCONTROLLED |
| Arrived date list |
February2025 |
| Resource For college |
Engineering, General |
| 655 ## - INDEX TERM--GENRE/FORM |
| Form subdivision |
Reading book |
| 776 08 - ADDITIONAL PHYSICAL FORM ENTRY |
| Display text |
Online version: |
| Main entry heading |
Jankovic, Ljubomir. |
| Title |
Designing zero carbon buildings. |
| Edition |
Third edition |
| Place, publisher, and date of publication |
Abingdon, Oxon ; New York, NY : Routledge, 2024 |
| International Standard Book Number |
9781003342342 |
| Record control number |
(DLC) 2023030242 |
| 906 ## - LOCAL DATA ELEMENT F, LDF (RLIN) |
| a |
7 |
| b |
cbc |
| c |
orignew |
| d |
1 |
| e |
ecip |
| f |
20 |
| g |
y-gencatlg |
| 942 ## - ADDED ENTRY ELEMENTS (KOHA) |
| Source of classification or shelving scheme |
Dewey Decimal Classification |
| Koha item type |
Book - Borrowing |